Contabilidad de costos principios y practica (Registro nro. 15134)

Detalles MARC
000 -LEADER
fixed length control field 00505nam a2200217Ia 4500
003 - CONTROL NUMBER IDENTIFIER
control field OSt
005 - DATE AND TIME OF LATEST TRANSACTION
control field 20231003194910.0
008 - FIXED-LENGTH DATA ELEMENTS--GENERAL INFORMATION
fixed length control field 210310s9999 xx 000 0 und d
020 ## - INTERNATIONAL STANDARD BOOK NUMBER
International Standard Book Number #N/A
040 ## - CATALOGING SOURCE
Original cataloging agency CO-JMCR
Transcribing agency CO-JMCR
082 ## - DEWEY DECIMAL CLASSIFICATION NUMBER
Classification number 657.42 /
Item number N494c
100 ## - MAIN ENTRY--PERSONAL NAME
Personal name John j.w neuner
9 (RLIN) 35410
245 #0 - TITLE STATEMENT
Title Contabilidad de costos principios y practica
260 ## - PUBLICATION, DISTRIBUTION, ETC.
Date of publication, distribution, etc. 1954
300 ## - PHYSICAL DESCRIPTION
Other physical details #N/A
440 ## - SERIES STATEMENT/ADDED ENTRY--TITLE
Title #N/A
9 (RLIN) 35411
500 ## - GENERAL NOTE
General note #N/A
505 ## - FORMATTED CONTENTS NOTE
Formatted contents note #N/A
650 ## - SUBJECT ADDED ENTRY--TOPICAL TERM
Topical term or geographic name entry element #N/A
9 (RLIN) 35412
942 ## - ADDED ENTRY ELEMENTS (KOHA)
Source of classification or shelving scheme Dewey Decimal Classification
Koha item type Books
Existencias
Withdrawn status Lost status Source of classification or shelving scheme Damaged status Not for loan Home library Current library Date acquired Total Checkouts Full call number Barcode Date last seen Date last checked out Copy number Price effective from Koha item type
    Dewey Decimal Classification     Biblioteca Pública José María del Castillo y Rada Biblioteca Pública José María del Castillo y Rada 03/10/2021 1 657.42 / N494c 201811642 05/16/2024 10/11/2023 V.1 Ej.1 03/10/2021 Books